A code of practice for commercial leases in England and Wales (Record no. 101982)

MARC details
000 -LEADER
fixed length control field 01795cam a22003735a 4500
008 - FIXED-LENGTH DATA ELEMENTS--GENERAL INFORMATION
fixed length control field 020405s2002 xxk f 000 0 eng d
020 ## - INTERNATIONAL STANDARD BOOK NUMBER
International Standard Book Number 1842190989
035 ## - SYSTEM CONTROL NUMBER
System control number (Sirsi) u117369
041 0# - LANGUAGE CODE
Language code of text/sound track or separate title eng
050 04 - LIBRARY OF CONGRESS CALL NUMBER
Classification number 346.4104343 $2 18
110 2# - MAIN ENTRY--CORPORATE NAME
Corporate name or jurisdiction name as entry element Commercial Leases Working Group
9 (RLIN) 4223
245 02 - TITLE STATEMENT
Title A code of practice for commercial leases in England and Wales
250 ## - EDITION STATEMENT
Edition statement 2nd ed.
260 ## - PUBLICATION, DISTRIBUTION, ETC.
Place of publication, distribution, etc. London
Name of publisher, distributor, etc. RICS
Date of publication, distribution, etc. 2002
300 ## - PHYSICAL DESCRIPTION
Extent 12p.
Dimensions 30cm.
520 ## - SUMMARY, ETC.
Summary, etc. Contains recommendations for landlords and tenants when they negotiate new leases of business premises where they deal with each other during the term of a lease. Consists of 23 recommendations that an industry-wide working party consider reflect current best practice for landlords and tenants negotiating a business tenancy.
520 ## - SUMMARY, ETC.
Summary, etc. Supersedes 1995 edition (ISBN 0854067264). Superseded by third edition "The code for leasing business premises in England and Wales 2007" (L137317).
590 ## - LOCAL NOTE (RLIN)
Local note KA
650 24 - SUBJECT ADDED ENTRY--TOPICAL TERM
Topical term or geographic name entry element CODE FOR LEASING BUSINESS PREMISES IN ENGLAND AND WALES
651 #4 - SUBJECT ADDED ENTRY--GEOGRAPHIC NAME
Geographic name England and Wales
Chronological subdivision 1543-
690 ## - LOCAL SUBJECT ADDED ENTRY--TOPICAL TERM (OCLC, RLIN)
Topical term or geographic name as entry element PROPERTY-COMMERCIAL PROPERTY-COMMERCIAL LANDLORD AND TENANT-COMMERCIAL LEASES
710 ## - ADDED ENTRY--CORPORATE NAME
Corporate name or jurisdiction name as entry element Royal Institution of Chartered Surveyors
9 (RLIN) 4900
710 ## - ADDED ENTRY--CORPORATE NAME
Corporate name or jurisdiction name as entry element Association of British Insurers
9 (RLIN) 3272
710 ## - ADDED ENTRY--CORPORATE NAME
Corporate name or jurisdiction name as entry element Association of Property Bankers
9 (RLIN) 4227
710 ## - ADDED ENTRY--CORPORATE NAME
Corporate name or jurisdiction name as entry element British Retail Consortium
9 (RLIN) 1582
710 ## - ADDED ENTRY--CORPORATE NAME
Corporate name or jurisdiction name as entry element British Property Federation
9 (RLIN) 1604
710 ## - ADDED ENTRY--CORPORATE NAME
Corporate name or jurisdiction name as entry element Confederation of British Industry
9 (RLIN) 414
710 ## - ADDED ENTRY--CORPORATE NAME
Corporate name or jurisdiction name as entry element Forum of Private Business
9 (RLIN) 4226
710 ## - ADDED ENTRY--CORPORATE NAME
Corporate name or jurisdiction name as entry element Law Society of England and Wales
9 (RLIN) 1639
710 ## - ADDED ENTRY--CORPORATE NAME
Corporate name or jurisdiction name as entry element National Association of Corporate Real Estate Executives
9 (RLIN) 4225
710 ## - ADDED ENTRY--CORPORATE NAME
Corporate name or jurisdiction name as entry element Property Market Reform Group
9 (RLIN) 1089
710 ## - ADDED ENTRY--CORPORATE NAME
Corporate name or jurisdiction name as entry element Small Business Bureau
9 (RLIN) 4224
942 ## - ADDED ENTRY ELEMENTS (KOHA)
Suppress in OPAC 0
Holdings
Withdrawn status Lost status Source of classification or shelving scheme Damaged status Not for loan Home library Current library Shelving location Date acquired Total Checkouts Full call number Barcode Date last seen Copy number Price effective from Koha item type Date last checked out
    Dewey Decimal Classification     London London RICS Boxes 25/04/2002   RICS 2002/5 30065433 06/08/2019 1 06/08/2019 Archive  
    Dewey Decimal Classification     London London RICS Boxes 25/04/2002   RICS 2002/5 30065437 06/08/2019 2 06/08/2019 Reference material  
    Dewey Decimal Classification     London London RICS Boxes 25/04/2002 11 RICS 2002/5 30065425 06/08/2019 4 06/08/2019 Book 04/01/2007